Представление документа в формате RUSMARC

ПолеНазваниеЗначение
  Тип записи c
  Библиографический уровень m
001 Контрольный номер UONB/NOTY/a7f6b5bfb3534681abbdabbb73a9ff56
005 Дата корректировки 20250520122916.1
010 Индекс ISBN __
9 Тираж 65490 экз.
013 Номер (ISMN) __
d Цена 20 к.
100 Данные общей обработки __
a Данные общей обработки 20220804d1984 u##y0rusy0189## ca
101 Язык документа 0_
a Язык текста rus
f Язык титульного листа rus
102 Страна публикации __
a Страна публикации RU
125 Кодированные данные звукозаписи и нотных изданий __
a Форма изложения нотного текста m
128 Кодированные данные (звукозаписи-физические характеристики) __
a Кодированные данные: Музыкальная форма и тональность или лад sg
b Инструменты или голоса, необходимые для ансамблей (устаревшее) cu
b Инструменты или голоса, необходимые для ансамблей (устаревшее) cd
c Инструменты или голоса, рекомендуемые для солистов (устаревшее) vu
200 Заглавие и сведения об ответственности 1_
a Заглавие Поет хор
e Сведения, относящиеся к заглавию [разные составы с сопровожд. баяна и без сопровожд.]
f Первые сведения об ответственности сост. Ю. А. Евграфов
g Последующие сведения об ответственности перелож. для баяна выполнены В. Букиным
203 Вид содержания и тип средства __
a Вид содержания Музыка
b Характеристика содержания знаковая
c Тип средства непосредственная
210 Выходные данные 1_
a Место издания Москва
c Издательство Советская Россия
d Дата издания 1984
215 Физическое описание __
d Формат 20 см
a Объем 128 с.
225 Серия 2_
a Серия Библиотечка "В помощь художественной самодеятельности"
v Обозначение тома № 21
327 Примечание о содержании 01
a Примечание о содержании Содерж. : Леонов Э. Слава народу! / сл. М. Исаковского. - Литвинов В. Земля моя / сл. В. Ешукова. - Киселев А. Родина / сл. В. Татаринова. - Голиков В. Русь / сл. Н. Якунина. - Гурьев Ю. Дружба великой семьи / сл. В. Татаринова. - Смирнова Т. Здравица Москве / слова народные. - Беляев В. Российское поле / сл. Г. Шифрина. - Абрамский А. Память / сл. В. Бокова. - Соколов В. Вариации на тему русской народной песни "Слава" / сл. народные. - В огороде возле брода : соврем. нар. песня / обраб. В. Попова. - Руденко В. Наш целинный юбилей / сл. С. Рогова. - Заволокин А., Заволокин Г. Вдовы / сл. С. Красикова. - Чичков Ю. Детство - это ты и я / сл. М. Пляцковского. - Чернышев В. О мечте : из кф. "Комета" / сл. Л. Дымовой. - Пахмутова А. А у нас по Заречью / сл. А. Прокофьева. - Фаттах А. Спят плоты / сл. В. Кузнецова. - Кузнецова Ж. Нивы сжаты / сл. С. Есенина. - Снетков Б. Степь / сл. А. Кольцова. - Адлер Е. Бушует полая вода / сл. И. Бунина. - Бяшаров Ш. Баллада о песне / сл. В. Гина. - Григоренко В. Прощание ; Полюбила меня - я не знаю / сл. А. Малышко. - Изотов В. Что ты, полюшко, затуманилось? / сл. Г. Лагздынь. - Баев А. Осень / сл. А. Толстого. - Маслов Ф. Девичья лирическая / сл. И. Дремова. - Кутузов Н. Говорят, что я румянюсь / сл. А. Прокофьева. - Савельев А. Слезы капали на камни... / сл. В. Бокова. - Кикта В. Я к высокому берегу вышел... / сл. В. Татаринова. - Наумов В. Сердце девичье / сл. К. Скуредина. - Федоров В. Свой нелегкий, свой честный хлеб... / сл. Л. Татьяничевой. - Носков А. Песня русская / сл. А. Прокофьева. - Фагин Н. Подошла березка к озеру / сл. В. Карасева. - Ты, заря моя ; Вьется, стелется / обраб. М. Фирсова ; слова народные.
464 Аналитический уровень _0
1 700 1
a Леонов
b Э.
1 702 1
a Исаковский
b М.
4 520
1 2001
a Слава народу!
e От бескрайной равнины сибирской...
464 Аналитический уровень _0
1 700 1
a Литвинов
b В.
1 702 1
a Ешуков
b В.
4 520
1 2001
a Земля моя
1 036
t Когда рассвет встает над нивами...
464 Аналитический уровень _0
1 700 1
a Киселев
b А.
1 702 1
a Татаринов
b В.
4 520
1 2001
a Родина
1 036
t Родина! Простор полей без края...
464 Аналитический уровень _0
1 700 1
a Голиков
b В.
1 702 1
a Якунин
b Н.
4 520
1 2001
a Солнцеликая Русь
1 036
t За селом на рассвете, где светло от берез...
464 Аналитический уровень _0
1 700 1
a Гурьев
b Ю.
1 702 1
a Татаринов
b В.
4 520
1 2001
a Дружба великой семьи
1 036
t Как Волга все реки Отчизны вместила...
464 Аналитический уровень _0
1 700 1
a Смирнова
b Т.
1 702 1
a Слова народные
4 520
1 2001
a Здравица Москве
1 036
t Ой, Москва наша, велик-город, ой!..
464 Аналитический уровень _0
1 700 1
a Беляев
b В.
1 702 1
a Шифрин
b Г.
4 520
1 2001
a Российское поле
1 036
t Российское поле, как даль заревая...
464 Аналитический уровень _0
1 700 1
a Абрамский
b А.
1 702 1
a Боков
b В.
4 520
1 2001
a Память
1 036
t Когда объявляют минуту молчанья...
464 Аналитический уровень _0
1 700 1
a Соколов
b В.
1 702 1
a Слова народные
4 520
1 2001
a Вариации на тему русской народной песни "Слава"
1 036
t Слава на небе солнцу высокому...
1 5171
а Слава
464 Аналитический уровень _0
1 702 1
a Попов
b В.
4 030
1 2001
a В огороде возле брода
e соврем. нар. песня
1 036
t В огороде возле брода...
464 Аналитический уровень _0
1 700 1
a Руденко
b В.
1 702 1
a Рогов
b С.
4 520
1 2001
a Наш целинный юбилей
1 036
t Дышит хлебом степной простор...
464 Аналитический уровень _0
1 700 1
a Заволокин
b А.
1 701 1
a Заволокин
b Г.
1 702 1
a Красиков
b С.
4 520
1 2001
a Вдовы
1 036
t День Победы в каждом доме...
464 Аналитический уровень _0
1 700 1
a Чичков
b Ю.
1 702 1
a Пляцковский
b М.
4 520
1 2001
a Детство - это ты и я
1 036
t Детство, детство, детство это смех и радость...
464 Аналитический уровень _0
1 700 1
a Чернышев
b В.
1 702 1
a Дымова
b Л.
4 520
1 2001
a О мечте
e из кф. "Комета"
1 036
t Как много нам дано...
1 50010
a Комета
i О мечте
464 Аналитический уровень _0
1 700 1
a Пахмутова
b А.
1 702 1
a Прокофьев
b А.
4 520
1 2001
a А у нас по Заречью
1 036
t А у нас по Заречью...
464 Аналитический уровень _0
1 700 1
a Фаттах
b А.
1 702 1
a Кузнецов
b В.
4 520
1 2001
a Спят плоты
1 036
t Тише, тише, тише...
464 Аналитический уровень _0
1 700 1
a Кузнецова
b Ж.
1 702 1
a Есенин
b С.
4 520
1 2001
a Нивы сжаты
1 036
t Нивы сжаты, рощи голы...
464 Аналитический уровень _0
1 700 1
a Снетков
b Б.
1 702 1
a Кольцов
b А.
4 520
1 2001
a Степь
1 036
t В небе зоренька занимается...
464 Аналитический уровень _0
1 700 1
a Адлер
b Е.
1 702 1
a Бунин
b И.
4 520
1 2001
a Бушует полая вода
1 036
t Бушует полая вода...
464 Аналитический уровень _0
1 700 1
a Бяшаров
b Ш.
1 702 1
a Гин
b В.
4 520
1 2001
a Баллада о песне
1 036
t Возле села речка текла...
464 Аналитический уровень _0
1 700 1
a Григоренко
b В.
1 702 1
a Малышко
b А.
4 520
1 2001
a Прощание
1 036
t Не грусти одна...
464 Аналитический уровень _0
1 700 1
a Григоренко
b В.
1 702 1
a Малышко
b А.
4 520
1 2001
a Полюбила меня - я не знаю
1 036
t Полюбила меня - я не знаю...
464 Аналитический уровень _0
1 700 1
a Изотов
b В.
1 702 1
a Лагздынь
b Г.
4 520
1 2001
a Что ты, полюшко, затуманилось?
1 036
t Что ты, полюшко, затуманилось...
464 Аналитический уровень _0
1 700 1
a Баев
b А.
1 702 1
a Толстой
b А.
4 520
1 2001
a Осень
1 036
t Осень. Обсыпается весь наш бедный сад...
464 Аналитический уровень _0
1 700 1
a Маслов
b Ф.
1 702 1
a Дремов
b И.
4 520
1 2001
a Девичья лирическая
1 036
t Спелая пшеница разлилась кругом...
464 Аналитический уровень _0
1 700 1
a Кутузов
b Н.
1 702 1
a Прокофьев
b А.
4 520
1 2001
a Говорят, что я румянюсь
1 036
t Говорят, что я румянюсь...
464 Аналитический уровень _0
1 700 1
a Савельев
b А.
1 702 1
a Боков
b В.
4 520
1 2001
a Слезы капали на камни...
1 036
t Возле речки, возле моста...
464 Аналитический уровень _0
1 700 1
a Кикта
b В.
1 702 1
a Татаринов
b В.
4 520
1 2001
a Я к высокому берегу вышел...
1 036
t Пахнет хлебом под ласковым небом...
464 Аналитический уровень _0
1 700 1
a Наумов
b В.
1 702 1
a Скуредин
b К.
4 520
1 2001
a Сердце девичье
1 036
t Ах, где ты, где ты, мой любимый?..
464 Аналитический уровень _0
1 700 1
a Федоров
b В.
1 702 1
a Татьяничева
b Л.
4 520
1 2001
a Свой нелегкий, свой честный хлеб...
1 036
t Свой нелегкий, свой честный хлеб...
464 Аналитический уровень _0
1 700 1
a Носков
b А.
1 702 1
a Прокофьев
b А.
4 520
1 2001
a Песня русская
1 036
t То веселая и светлая...
464 Аналитический уровень _0
1 700 1
a Фагин
b Н.
1 702 1
a Карасев
b В.
4 520
1 2001
a Подошла березка к озеру
1 036
t Подошла березка к озеру...
464 Аналитический уровень _0
1 702 1
a Фирсов
b М.
4 030
1 2001
a Ты, заря моя
e рус. нар. песня
1 036
t Ты, заря моя, заря ясная...
464 Аналитический уровень _0
1 702 1
a Фирсов
b М.
4 030
1 702 1
a Слова народные
4 520
1 2001
a Вьется, стелется
1 036
t Вьется, вьется, стелется...
512 Заглавие обложки 1_
a Заглавие обложки Поет хор
606 Тематические рубрики 0_
a Основная рубрика Хоровое пение
x Основная подрубрика Хоровые произведения
x Основная подрубрика Песни о Родине
x Основная подрубрика Массовые песни
x Основная подрубрика Лирические песни
x Основная подрубрика Детские хоры
y Географическая подрубрика Россия
z Хронологическая подрубрика 20 в.
610 Ключевые слова 0_
a Ключевые слова хоровое пение; песни советских композиторов; песни о Родине; массовые песни; лирические песни; детские хоры
686 Индексы других классификаций __
a Классификационный индекс 85.941.0-041(2)я436
2 Код системы rubbk
702 Вторичная интеллектуальная ответственность _1
a Фамилия Евграфов
b Имя (инициалы) Ю. А.
4 Код отношения 220
702 Вторичная интеллектуальная ответственность _1
a Фамилия Букин
b Имя (инициалы) В.
4 Код отношения 030
801 Источник записи _0
a Страна RU
b Организация Ульяновская ОНБ
c Дата составления 20220804
g Правила каталогизации RCR
801 Источник записи _1
a Страна RU
b Организация Ульяновская ОНБ
c Дата составления 20220804
g Правила каталогизации RCR
901 Тип документа __
t Тип документа m
909 Создатель записи __
a Создатель записи Никитина Т. А.